El paraíso perdido.

Guardat en:
Dades bibliogràfiques
Autor principal: Milton, John (autor)
Altres autors: Sanjuan, Dionisio (traductor), Chateaubriand, F.R. de (estudio biográfico y crítico)
Format: Llibre
Idioma:anglès
Publicat: Madrid, España: Aguilar, 1960.
Col·lecció:Colección Crisol; 187.
Matèries:
Etiquetes: Afegir etiqueta
Sense etiquetes, Sigues el primer a etiquetar aquest registre!

MARC

LEADER 00000nam a2200000 a 4500
001 UCV7565
003 CL-VaPUC
005 20220822114458.0
008 220613b1960 ||||| |||| 00| 0 eng d
999 |c 435951  |d 435949 
040 |c Pontificia Universidad Católica de Valparaíso 
082 0 4 |a 821 MIL 1960  |2 21 
100 |a Milton, John  |e autor  |9 337433 
245 1 3 |a El paraíso perdido. 
260 |a Madrid, España:  |b Aguilar,   |c 1960. 
300 |a 627 páginas. 
490 |a Colección Crisol;   |v 187. 
500 |a c.1 Donación Familia Prof. Alejandro Guzmán Brito. 
583 |a last modification  |c 19880927 00:00:00  |k Cristina María Rojas Aguilar 
650 0 |a Poesías inglesas  |9 265094 
700 |a Sanjuan, Dionisio  |e traductor  |9 870550 
700 |a Chateaubriand, F.R. de,   |e estudio biográfico y crítico  |9 870551 
942 |c BK  |2 ddc  |n 0 
952 |0 0  |1 0  |2 ddc  |4 0  |6 821_000000000000000_MIL_1960  |7 0  |8 C_AGB  |9 583612  |a BIBDER  |b BIBDER  |d 2022-06-13  |e Donación   |i 5651689  |o 821 MIL 1960  |p 5651689  |r 2023-01-25  |t 1  |w 2022-06-13  |y BK_US  |k AGB